000 01081nam a22003017a 4500
003 CHAP
005 20220329140423.0
008 971013s1973 r 00010 d
010 _a51714
011 _a52686
035 _a56836
040 _cCHAP
090 _aTesis
100 0 0 _aTreviño González, José Luis.
_9114864
245 _aComparación del poder higienizante y la rentabilidad del dióxido de cloro (Cl02) y del acnítrico (HNo3) más hidróxido de socio (NaOH) y yodo (I2) en una sala de ordeño
260 _aMonterrey, N.L. :
_bEl autor,
_c1973
300 _a97 h.
502 _aTesis (Ing. Agr. Zootecnista) -- ITESM. Div. de Ciencias Agropecuarias y Marítimas
590 _aALEPH
_b10
_c20130110
_lUCH01
_h1328
590 _aBATCH-UPD
_b10
_c20130110
_lUCH01
_h0834
590 _aBATCH-UPD
_b10
_c20130410
_lUCH01
_h0512
590 _aBATCH-UPD
_b10
_c20130914
_lUCH01
_h1322
590 _aCONVERSION
_b10
_c20130109
_lUCH01
_h1328
650 1 4 _aEstablos
_xDesinfección.
_938185
901 _aBK
942 _cTESIS
949 _bBC
_cTES
_d-123965
_eTS1
_i56836
_si
999 _c51714
_d51714